La Provisin̤ de puestos de trabajo en la Administracin̤ General del Estado

Bibliographic Details
Main Author: Ferreira Fernǹdez, Antonio Javier
Format: Book
Language:Spanish
Published: Madrid : Instituto Nacional de Administracin̤ Pb︢lica, 2002
Series:Estudios (Instituto Nacional de Administracin̤ Pb︢lica (Espaą))
Subjects:
Online Access:Acceso restringido

MARC

LEADER 00000nam a2200000 a 4500
005 20120925165757.0
007 cr|||| ||||
008 030328s2002 sp |||||| |00| ||spa||
020 |a 8470887289 
035 |a 6626 
040 |a vLex 
090 |c 3469  |d 3469 
100 1 |a Ferreira Fernǹdez, Antonio Javier 
245 1 3 |a La Provisin̤ de puestos de trabajo en la Administracin̤ General del Estado   |h [Recurso electrn̤ico] /  |c A. Xavier Ferreira Fernǹdez 
256 |a Servicio en ln̕ea 
260 |a Madrid :  |b Instituto Nacional de Administracin̤ Pb︢lica,  |c 2002 
300 |a 1 recurso electrn̤ico 
504 |a Bibliografa̕ 
506 1 |a Contenido solo disponible en los productos indicados  |d vLex Global   |d vLex Global (Academic Edition, excluding Law Schools)   |d vLex Global (U.S. Academic Edition, Law Schools)   |d vLex Global (U.S. Academic Edition, excluding Law Schools)   |d vLex Global (Academic Edition, Law Schools)  
650 0 4 |a Funcionarios  |z Espaą  |x Oposiciones 
650 0 4 |a Funcin̤ pb︢lica  |z Espaą  |x Seleccin̤ y nombramiento 
740 0 |a vLex Libros (Servicio en ln̕ea) 
830 0 |a Estudios (Instituto Nacional de Administracin̤ Pb︢lica (Espaą)) 
856 4 0 |u http://vlex.com/source/provision-puestos-trabajo-administracion-general-estado-6626  |z Acceso restringido 
942 |c BOOK 
999 0 |a Public officers 
999 0 |a Civil service